WWE Elimination Chamber Winners - Statistics

General Stats
  • This quiz has been taken 73 times
  • The average score is 17 of 36
Answer Stats
Hint Answer % Correct
2003 Elimination Chamber Triple H
74%
2006 ECW World Championship Bobby Lashley
63%
2006 WWE Championship John Cena
63%
2010 WWE Championship John Cena
63%
2008 World Heavyweight Championship Contender The Undertaker
63%
2008 WWE Championship Contender Triple H
61%
2009 WWE Championship Triple H
61%
2005 Elimination Chamber Triple H
59%
2009 World Heavyweight Championship Edge
57%
2025 Men's Elimination Chamber John Cena
57%
2002 Elimination Chamber Shawn Michales
57%
2017 Elimination Chamber Bray Wyatt
52%
2010 World Heavyweight Championship Chris Jericho
52%
2011 WWE Championship Contender John Cena
52%
2025 Women's Elimination Chamber Bianca Belair
50%
2018 Women's Elimination Chamber Alexa Bliss
48%
2012 WWE Championship CM Punk
48%
2014 Elimination Chamber Randy Orton
48%
2018 Men's Elimination Chamber Roman Reigns
48%
2015 Intercontinental Championship Ryback
48%
2012 World Heavyweight Championship Daniel Bryan
46%
2024 Men's Elimination Chamber Drew McIntyre
46%
2011 World Heavyweight Championship Edge
46%
2015 Tag Team Championship The New Day
43%
2022 Men's Elimination Chamber Brock Lesnar
41%
2021 WWE Championship Drew McIntyre
41%
2024 Women's Elimination Chamber Becky Lynch
39%
2013 Elimination Chamber Jack Swagger
39%
2021 WWE Universal Championship Contender Daniel Bryan
37%
2023 Men's Elimination Chamber Austin Theory
33%
2019 Men's Elimination Chamber Daniel Bryan
33%
2023 Women's Elimination Chamber Asuka
30%
2020 Women's Elimination Chamber Shayna Baszler
30%
2022 Women's Elimination Chamber Bianca Belair
28%
2019 Women's Tag Team Elimination Chamber The Boss 'n' Hug Connection
26%
2020 Men's Tag Team Elimination Chamber The Miz and John Morrison
24%
No matching quizzes found
Score Distribution
Percent of People with Each Score
Percentile by Number Answered
Your Score History
You have not taken this quiz